书目信息 |
| 题名: |
孔雀胆
|
|
| 作者: | 郭沫若 著 | |
| 分册: | ||
| 出版信息: | 北京 人民文学出版社 1979.9 |
|
| 页数: | 164页 | |
| 开本: | 20cm | |
| 丛书名: | ||
| 单 册: | ||
| 中图分类: | I234.6 | |
| 科图分类: | ||
| 主题词: | 话剧--剧本--中国 | |
| 电子资源: | ||
| ISBN: | ||
| 000 | 00490nam0 2200181 45 | |
| 001 | 0312221749 | |
| 005 | 20060913093711.62 | |
| 010 | @dCNY0.45 | |
| 100 | @a20031222d1979 km y0chiy0120 ea | |
| 101 | @achi | |
| 200 | 1 | @a孔雀胆@AKong Que Dan@f郭沫若著@FGuo Mo Ruo Zhu |
| 210 | @a北京@c人民文学出版社@d1979.9 | |
| 215 | @a164页@c照片@d20cm | |
| 606 | 0 | @a话剧@x剧本@x中国 |
| 690 | @aI234.6@v3 | |
| 701 | 0 | @a郭沫若@4著 |
| 801 | @aCN@bTSTCL@c20060913 | |
| 905 | @a213230@dI234.6@e97@b227770-773@f4 | |
| 孔雀胆/郭沫若著.-北京:人民文学出版社,1979.9 |
| 164页:照片;20cm |
| ISBN :CNY0.45 |
| ● |
| 相关链接 |
|
|
|
|
正题名:孔雀胆
索取号:I234.6/97
 
预约/预借
| 序号 | 登录号 | 条形码 | 馆藏地/架位号 | 状态 | 备注 |
| 1 | 0028262 | 202082469 | 第一样本阅览室/ [索取号:I234.6/97] | 在馆 | |
| 2 | 0227770 | 000767931 | 第二借阅区/ [索取号:I234.6/97] | 在馆 | |
| 3 | 0227771 | 000767959 | 密集书库/ [索取号:I234.6/97] | 在馆 | |
| 4 | 0227772 | 000767968 | 密集书库/ [索取号:I234.6/97] | 在馆 | |
| 5 | 0227773 | 000767940 | 密集书库/ [索取号:I234.6/97] | 在馆 | |
| 6 | 0473457 | 204734573 | 密集书库/ [索取号:I234.6/97] | 在馆 |